000 00914nam a2200265 a 4500
999 _c11493
_d11493
001 11493
003 BD-JhCC
005 20191025134007.0
008 190628b20052015bg a|||| ||a| 000 0 Mul d
020 _a9847027700084
035 _a(BD-JhCC)11493
040 _aBD-JhCC
_dBD-JhCC
041 _aMul
082 _bSAR 2015
_a005.2762
100 _aসরকার, সুহৃদ
245 _aএপাচি-মাইএসকিউএল-পিএইচপি সহজপাঠ /
_cসুহৃদ সরকার ।
260 _aঢাকা:
_bজ্ঞানকোষ প্রকাশনী;
_c২০১৫.
300 _a৫২৪ পৃ. :
_bill;
_c২৪ সেমি.
650 _aWeb site development
650 _aPHP (Computer program language)
650 _aApache (Computer file : Apache Group)
650 _aSQL (Computer program language)
942 _2ddc
_cBK
_02